A Szegedi Tudományegyetem Egészségügyi Főiskolai Karának tanrendje a 2004/05. tanévre
Elmentve itt :
| Dokumentumtípus: | Könyv |
|---|---|
| Megjelent: |
2004
|
| Sorozat: | A Szegedi Tudományegyetem Egészségügyi Főiskolai Karának tanrendje
|
| Online Access: | http://univ.bibl.u-szeged.hu/49739 |
| LEADER | 00577nam a2200145 i 4500 | ||
|---|---|---|---|
| 001 | univ49739 | ||
| 005 | 20190205151505.0 | ||
| 008 | 190205s2004 hu o 0|| zxx d | ||
| 040 | |a SZTE UnivHistória Repozitórium |b hun | ||
| 041 | |a zxx | ||
| 245 | 0 | 2 | |a A Szegedi Tudományegyetem Egészségügyi Főiskolai Karának tanrendje a 2004/05. tanévre |h [elektronikus dokumentum] |
| 260 | |c 2004 | ||
| 490 | 0 | |a A Szegedi Tudományegyetem Egészségügyi Főiskolai Karának tanrendje | |
| 561 | |a Tanrend | ||
| 856 | 4 | 0 | |u http://univ.bibl.u-szeged.hu/49739/1/etszk_tanrend_2004_2005.pdf |z Dokumentum-elérés |